000 00881nam a2200241 a 4500
005 20140310183608.0
008 120713s19uu xx 00 eng d
020 _a9780415782258
050 _aP 94.6
_b.C663 2012
100 _aPacker, Jeremy
245 _aCommunication matters :
_bmaterialist approaches to media, mobility and networks /
_cedited by Jeremy Packer and Stephen B. Crofts Wiley.
260 _aLondon ; New York :
_bRoutledge,
_c2012
300 _axvi, 297 p. :
_bill. ;
_c26 cm.
440 _aShaping inquiry in culture, communication and media studies
500 _aIncludes bibliographical references and index.
521 _aMC
650 _aMass media and culture.
650 _aMass media
_xSocial aspects
650 _aSocial interaction
_xTechnological innovations
700 _aWiley, Stephen B. Crofts
942 _cBK
_2lcc
_kFOR
999 _c25198
_d25198